| 000 | 01545nam a2200469 a 4500 | ||
|---|---|---|---|
| 001 | C00206685c-0 | ||
| 003 | PE-LiUPU | ||
| 005 | 20250731180159.0 | ||
| 008 | 100226s1989 mex g 00010 spa | ||
| 020 | _a9686062866 | ||
| 040 |
_bspa _cPE-LiUPU _dPE-LiUPU _erda |
||
| 082 |
_a519.3 _bP636o _223 |
||
| 100 | 0 |
_aPike, Ralph W. _eautor. |
|
| 245 | 1 |
_aOptimización en ingeniería / _cRalph W. Pike, Lautaro Guerra G. |
|
| 264 |
_aMéxico, D.F : _bAlfaomega, _c1989. |
||
| 300 |
_a340 páginas : _bdiagramas. ; _c23 cm. |
||
| 500 | _aIncluye índice. | ||
| 504 | _aIncluye bibliografías. | ||
| 505 | _aTeoría clásica del mínimo y del máximo -- Programación lineal -- Problemas especiales en programación lineal -- Programación geométrica -- Técnica de búsqueda unidimensional -- Técnicas de búsqueda multidimiensional -- Programación dinámica -- Cálculo de variaciones. | ||
| 526 | _aSEG44 | ||
| 526 | _aSEG26 | ||
| 526 | _aP159 | ||
| 526 | _aP155 | ||
| 526 | _aP154 | ||
| 526 | _aP153 | ||
| 526 | _aP150 | ||
| 526 | _aP100 | ||
| 526 | _aP31 | ||
| 526 | _aP30 | ||
| 526 | _aP26 | ||
| 526 | _aP25 | ||
| 526 | _aP24 | ||
| 526 | _aP22 | ||
| 526 | _aP15 | ||
| 526 | _aP10 | ||
| 650 | 1 | 8 | _aOptimización matemática. |
| 650 | 2 | 8 | _aMatemáticas para ingenieros. |
| 650 | 2 | 8 |
_aIngeniería _xModelos matemáticos. |
| 700 | 0 |
_aGuerra G., Lautaro. _eautor. |
|
| 942 |
_2ddc _cBK _n0 |
||
| 980 |
_618226 _aJaime Vilcazán Jefe de Análisis Documental _81 _gALBERTO SANCHEZ Responsable de Automatización |
||
| 999 |
_c62898 _d62897 |
||